The Little tin soldier. (Record no. 111494)
[ view plain ]
| 000 -LEADER | |
|---|---|
| fixed length control field | 00367nam a2200145 a 4500 |
| 001 - CONTROL NUMBER | |
| control field | 4143 |
| 005 - DATE AND TIME OF LATEST TRANSACTION | |
| control field | 20140414131916.0 |
| 008 - FIXED-LENGTH DATA ELEMENTS--GENERAL INFORMATION | |
| fixed length control field | 090223s19uu xx 00 eng d |
| 050 ## - LIBRARY OF CONGRESS CALL NUMBER | |
| Classification number | ER |
| Item number | L72 2004 |
| 100 ## - MAIN ENTRY--PERSONAL NAME | |
| Personal name | Mott, Lynn |
| 245 ## - TITLE STATEMENT | |
| Title | The Little tin soldier. |
| 260 ## - PUBLICATION, DISTRIBUTION, ETC. (IMPRINT) | |
| Place of publication, distribution, etc | Malaysia : |
| Name of publisher, distributor, etc | Kohwai & Young, |
| Date of publication, distribution, etc | 2004. |
| 440 ## - SERIES STATEMENT/ADDED ENTRY--TITLE | |
| Title | famous Fairy Tales Series |
| Withdrawn status | Lost status | Damaged status | Home library | Current library | Shelving location | Date acquired | Total Checkouts | Full call number | Barcode | Date last seen | Price effective from | Koha item type |
|---|---|---|---|---|---|---|---|---|---|---|---|---|
| Munich Library | Munich Library | Easy Reading Section | 02/24/2009 | ER L72 2004 | M2235 | 04/14/2014 | 04/14/2014 | Books |